Memorias de Porfirio Díaz (Record no. 3456)

MARC details
000 -CABECERA
campo de control de longitud fija 00665nam a2200241 a 4500
001 - NÚMERO DE CONTROL
campo de control BRCA_3727
005 - FECHA Y HORA DE LA ÚLTIMA TRANSACCIÓN
campo de control 20190320204411.0
008 - DATOS DE LONGITUD FIJA--INFORMACIÓN GENERAL
campo de control de longitud fija 140909c1922----mx-#---###---#000-0#spa-#
041 ## - CÓDIGO DE LENGUA
Código de lengua del texto/banda sonora o título independiente spa
044 ## - CÓDIGO DEL PAÍS DE LA ENTIDAD EDITORA/PRODUCTORA
Código MARC del país mx
050 #4 - SIGNATURA TOPOGRÁFICA DE LA BIBLIOTECA DEL CONGRESO
Número de clasificación F1233.D5
Número de documento/Ítem .M46 1
-- 1922
245 10 - MENCIÓN DE TÍTULO
Título Memorias de Porfirio Díaz
Resto del título 1830-1867.
250 ## - MENCIÓN DE EDICIÓN
Mención de edición 2
260 ## - PUBLICACIÓN, DISTRIBUCIÓN, ETC.
Lugar de publicación, distribución, etc. México
Nombre del editor, distribuidor, etc. El Libro Francés
Fecha de publicación, distribución, etc. 1922
300 ## - DESCRIPCIÓN FÍSICA
Extensión 2 v.
Dimensiones 19 cm.
500 ## - NOTA GENERAL
Nota general La biblioteca solo cuenta con el v.1
500 ## - NOTA GENERAL
Nota general Ejemplar igual a D152
500 ## - NOTA GENERAL
Nota general B350
600 14 - PUNTO DE ACCESO ADICIONAL DE MATERIA--NOMBRE DE PERSONA
Nombre de persona Díaz, Porfirio
Fechas asociadas al nombre 1830-1915
9 (RLIN) 4775
651 #4 - PUNTO DE ACCESO ADICIONAL DE MATERIA--NOMBRE GEOGRÁFICO
Nombre geográfico México
Subdivisión general Historia
Subdivisión cronológica Intervención francesa, 1861-1867
9 (RLIN) 9697
902 ## - CATALOGADOR
Iniciales GFM
942 ## - ELEMENTOS DE PUNTO DE ACCESO ADICIONAL (KOHA)
Fuente del sistema de clasificación o colocación Library of Congress Classification
Tipo de ítem Koha Libros
Holdings
Estado de retiro Estado de pérdida Estado dañado No para préstamo Localización permanente Ubicación/localización actual Fecha de adquisición Número de inventario Total de préstamos Signatura topográfica completa Código de barras Fecha visto por última vez Precio válido a partir de Tipo de ítem Koha
El ejemplar forma parte de la colección y puede ser consultado según las políticas vigentes.       Biblioteca del Museo Franz Mayer (Rogerio Casas-Alatriste) Biblioteca del Museo Franz Mayer (Rogerio Casas-Alatriste) 14/09/2009 B350   F1233.D5 .M46 1 1922 (B350) 3724 22/03/2019 22/03/2019 Libros